[Event "TCh-ITA 2012"]
[Site "Arvier ITA"]
[Date "2012.04.27"]
[Round "1"]
[White "Caruana, Fabiano"]
[Black "Palac, Mladen"]
[Result "1/2-1/2"]
[WhiteTitle "GM"]
[BlackTitle "GM"]
[WhiteElo "2767"]
[BlackElo "2593"]
[WhiteTeam "Ob. Risarcimento Padova"]
[BlackTeam "CPS Banca Nuova"]
[WhiteFideId "2020009"]
[BlackFideId "14500116"]
[EventDate "2012.04.27"]

1. d4 Nf6 2. c4 e6 3. Nc3 Bb4 4. e3 O-O 5. Ne2 d5 6. a3 Bd6 7. c5 Be7 8. b4 c6
9. Nf4 Nbd7 10. Bb2 b6 11. Be2 a5 12. O-O Ba6 13. Bxa6 Rxa6 14. Qc2 Qc7 15. f3
Rfa8 16. Nd3 R6a7 17. g4 Qc8 18. Rfc1 axb4 19. axb4 bxc5 20. bxc5 Bd8 21. Ne2
Ne8 22. Rxa7 Rxa7 23. Ra1 Rxa1+ 24. Bxa1 Qa6 25. Bb2 Ba5 26. Bc3 Nc7 27. Bxa5
Qxa5 28. Nc3 e5 29. Kg2 exd4 30. exd4 Ne6 31. Ne2 Qa1 32. Qc1 Qa6 33. Qe3 Qa2
34. Kg3 g6 35. Nef4 Ndf8 36. Ne5 Qa4 37. Ne2 f6 38. Nd3 Kf7 39. h4 Qd1 40. Kg2
Qc2 41. Kf2 Qd1 42. Kg2 Qc2 43. Kg3 Qd1 44. Kg2 Qc2 45. Nb4 Qa4 46. Qd2 g5 47.
h5 Nf4+ 48. Nxf4 gxf4 49. Nc2 Qb3 50. Nb4 Qa4 51. Nc2 Qb3 52. Nb4 1/2-1/2

[Event "TCh-ITA 2012"]
[Site "Arvier ITA"]
[Date "2012.04.27"]
[Round "1"]
[White "Mazzilli, Piero"]
[Black "Georgiev, Kiril"]
[Result "1-0"]
[WhiteTitle "FM"]
[BlackTitle "GM"]
[WhiteElo "2340"]
[BlackElo "2671"]
[WhiteTeam "CPS Banca Nuova"]
[BlackTeam "Ob. Risarcimento Padova"]
[WhiteFideId "807087"]
[BlackFideId "2900017"]
[EventDate "2012.04.27"]

1. d4 Nf6 2. Bg5 e6 3. e3 h6 4. Bh4 d6 5. Bd3 Nbd7 6. c4 c5 7. Ne2 Be7 8. Nbc3
O-O 9. O-O b6 10. f3 Bb7 11. Rc1 Rc8 12. b3 cxd4 13. Nxd4 Ne5 14. Be2 a6 15. f4
Ng6 16. Bxf6 Bxf6 17. Bf3 d5 18. f5 Nh4 19. fxe6 Bxd4 20. exf7+ Rxf7 21. Qxd4
Nxf3+ 22. Rxf3 Rxf3 23. gxf3 dxc4 24. Qxd8+ Rxd8 25. Kf2 Rd2+ 26. Kg3 cxb3 27.
axb3 Rb2 28. Rb1 Rc2 29. Na4 b5 30. Nb6 Kf7 31. b4 Rc3 32. Kf2 Ke6 33. Rd1 Rc2+
34. Kg3 Rc7 35. h4 Rf7 36. e4 Rc7 37. Kf4 g6 38. Rd8 Bc6 39. Rh8 Rf7+ 40. Ke3 h5
41. Rg8 Kf6 42. Kd4 Rc7 43. f4 Bb7 44. Rf8+ Ke6 45. Re8+ Kf7 46. Rb8 Ke6 47.
Re8+ Kf7 48. Rh8 Kg7 49. Rd8 Rf7 50. Rd7 Bc6 51. Rxf7+ Kxf7 52. Ke5 Bb7 53. Nd7
Ke7 54. Nc5 Bc8 55. Kd5 Bh3 56. Nxa6 Bf1 57. Ke5 Be2 58. Nc7 Bd3 59. Kd4 Be2 60.
Kc5 Bd3 61. e5 Kd7 62. Nxb5 g5 63. fxg5 Ke6 64. Nd6 Kxe5 65. b5 Ke6 66. Kc6 1-0

[Event "TCh-ITA 2012"]
[Site "Arvier ITA"]
[Date "2012.04.27"]
[Round "1"]
[White "Genovese, Maurizio"]
[Black "Efimov, Igor"]
[Result "0-1"]
[WhiteTitle "FM"]
[BlackTitle "GM"]
[WhiteElo "2257"]
[BlackElo "2405"]
[WhiteTeam "CPS Banca Nuova"]
[BlackTeam "Ob. Risarcimento Padova"]
[WhiteFideId "802930"]
[BlackFideId "806404"]
[EventDate "2012.04.27"]

1. d4 d5 2. Bg5 f6 3. Bh4 Nh6 4. e3 Nf5 5. Bd3 h5 6. Bxf5 Bxf5 7. h3 Nc6 8. c3
Qd7 9. Nd2 e5 10. Ngf3 exd4 11. Nxd4 Nxd4 12. cxd4 Qb5 13. Qb3 Bb4 14. f3 a5 15.
Kf2 a4 16. Qd1 Ba5 17. b3 Qd3 18. Nf1 Qxd1 19. Rxd1 axb3 20. axb3 Bb4 21. e4
dxe4 22. Ne3 Ra2+ 23. Kf1 exf3 24. gxf3 Be6 25. d5 Bd7 26. Bf2 Kf7 27. Rc1 Rc8
28. h4 c6 29. Kg2 Re8 30. Rc2 Rxc2 31. Nxc2 Bc3 32. dxc6 Bxc6 33. Rd1 g5 34.
hxg5 fxg5 35. Rd3 Bf6 36. Kg1 Rd8 37. Nd4 Kg6 38. Kg2 g4 39. Kg3 Bxf3 40. Be3 0-1

[Event "TCh-ITA 2012"]
[Site "Arvier ITA"]
[Date "2012.04.27"]
[Round "1"]
[White "Brunello, Sabino"]
[Black "Caprio, Guido"]
[Result "1-0"]
[WhiteTitle "GM"]
[BlackTitle "FM"]
[WhiteElo "2587"]
[BlackElo "2398"]
[WhiteTeam "Scavolini Datagest Pesaro"]
[BlackTeam "Latina"]
[WhiteFideId "813613"]
[BlackFideId "834580"]
[EventDate "2012.04.27"]

1. c4 Nf6 2. g3 e5 3. Bg2 Nc6 4. Nc3 Bc5 5. a3 a6 6. e3 Ba7 7. Nge2 d6 8. d4 O-O
9. O-O Bd7 10. b4 h6 11. dxe5 Nxe5 12. Bxb7 Bh3 13. Nf4 Bxf1 14. Qxf1 Rb8 15.
Bg2 Re8 16. c5 dxc5 17. Qxa6 cxb4 18. axb4 Bb6 19. Qe2 Qd6 20. Ba3 c6 21. Rd1
Qe7 22. Na4 Ra8 23. Nxb6 Rxa3 24. Nc4 Nxc4 25. Qxc4 Rb8 26. Ng6 Qe6 27. Qxe6
fxe6 28. Ne7+ Kf7 29. Nxc6 Rb5 30. Rb1 Ra2 31. Bf1 Rb6 32. Ne5+ Ke7 33. b5 Ne4
34. Nc6+ Kf6 35. Bd3 Nc3 36. Rb4 Ra4 37. Rb3 Ra1+ 38. Kg2 Nd1 39. Be2 Rc1 40.
Na5 Nc3 41. Bf1 Nxb5 42. Bxb5 Rc5 43. Bf1 Rxb3 44. Nxb3 Rc6 45. Kf3 Rb6 46. Nc5
Rb2 47. h4 Rc2 48. Nd3 Rc4 49. Nf4 Rc5 50. Bh3 e5 51. Nh5+ Kf7 52. g4 1-0

[Event "TCh-ITA 2012"]
[Site "Arvier ITA"]
[Date "2012.04.27"]
[Round "1"]
[White "Malloni, Marcello"]
[Black "Rombaldoni, Denis"]
[Result "0-1"]
[WhiteTitle "FM"]
[BlackTitle "IM"]
[WhiteElo "2339"]
[BlackElo "2520"]
[WhiteTeam "Latina"]
[BlackTeam "Scavolini Datagest Pesaro"]
[WhiteFideId "802956"]
[BlackFideId "813575"]
[EventDate "2012.04.27"]

1. e4 c6 2. d4 d5 3. Nd2 dxe4 4. Nxe4 Bf5 5. Ng3 Bg6 6. Bc4 e6 7. N1e2 Bd6 8. h4
h6 9. Nf4 Bxf4 10. Bxf4 Nf6 11. Qe2 Nd5 12. Be5 O-O 13. h5 Bh7 14. O-O-O Nd7 15.
Kb1 N7b6 16. Bxd5 cxd5 17. Ka1 Rc8 18. c3 Nc4 19. Nf1 Rc6 20. Ne3 Na5 21. b4 Nc4
22. Nxc4 dxc4 23. Rd2 Qd5 24. f3 a5 25. Rb2 Bd3 26. Qf2 axb4 27. Rxb4 Ra6 28. g4
Rfa8 29. Rb2 f6 30. Bf4 Ra3 31. Rc1 Rb3 0-1

[Event "TCh-ITA 2012"]
[Site "Arvier ITA"]
[Date "2012.04.27"]
[Round "1"]
[White "Vocaturo, Daniele"]
[Black "Parpinel, Marco"]
[Result "1-0"]
[WhiteTitle "GM"]
[WhiteElo "2536"]
[BlackElo "2157"]
[WhiteTeam "Scavolini Datagest Pesaro"]
[BlackTeam "Latina"]
[WhiteFideId "813192"]
[BlackFideId "818410"]
[EventDate "2012.04.27"]

1. e4 e5 2. Nf3 Nc6 3. Bc4 Nf6 4. d3 Bc5 5. c3 a6 6. Bb3 Ba7 7. O-O O-O 8. Bg5
d6 9. Nbd2 h6 10. Bh4 g5 11. Bg3 Na5 12. Bc2 Nh5 13. Kh1 Qf6 14. d4 Nc6 15. Nxe5
dxe5 16. Qxh5 exd4 17. e5 Nxe5 18. Ne4 Qg7 19. Bxe5 Qxe5 20. Qxh6 f5 21. Bb3+ 1-0

[Event "TCh-ITA 2012"]
[Site "Arvier ITA"]
[Date "2012.04.27"]
[Round "1"]
[White "Napoli, Nicolo'"]
[Black "Garcia Palermo, Carlos"]
[Result "1-0"]
[WhiteTitle "FM"]
[BlackTitle "GM"]
[WhiteElo "2327"]
[BlackElo "2479"]
[WhiteTeam "CSKB Torveca Caffè Vigevano"]
[BlackTeam "Chieti"]
[WhiteFideId "813702"]
[BlackFideId "110124"]
[EventDate "2012.04.27"]

1. d4 Nf6 2. Nc3 d5 3. Bg5 c6 4. e3 g6 5. f4 Bf5 6. Nf3 Nbd7 7. Be2 Qb6 8. Rb1
Ng4 9. Qd2 h6 10. Bh4 Bxc2 11. Qxc2 Nxe3 12. Qd2 Nxg2+ 13. Kf1 Nxh4 14. Nxh4 e6
15. Nf3 h5 16. Kg2 Bh6 17. b4 Qc7 18. Ng5 Qd6 19. Rhf1 O-O 20. Kh1 b5 21. Rg1
Nf6 22. Bd3 a5 23. Bxg6 fxg6 24. Qc2 Ra7 25. Qxg6+ Rg7 26. Qxh6 Ng4 27. Rxg4
hxg4 28. Qxe6+ Qxe6 29. Nxe6 axb4 30. Rxb4 Rh7 31. Nxf8 Kxf8 32. Ne2 Ra7 33. Rb2
Ke7 34. Kg2 Ra3 35. Nc1 Rc3 36. Nb3 Kf6 37. Rf2 Kf5 38. Nd2 Rd3 39. Nf1 b4 40.
Ng3+ Kf6 41. Rc2 Rxd4 42. Rxc6+ Kf7 43. Rc7+ Kf6 44. Rc2 Rd3 45. Rb2 Ra3 46. Rf2
d4 47. f5 Ra8 48. Ne4+ Ke5 49. Nc5 1-0

[Event "TCh-ITA 2012"]
[Site "Arvier ITA"]
[Date "2012.04.27"]
[Round "1"]
[White "Ronchetti, Niccolo'"]
[Black "Antoniewski, Rafal"]
[Result "1/2-1/2"]
[WhiteTitle "IM"]
[BlackTitle "GM"]
[WhiteElo "2446"]
[BlackElo "2559"]
[WhiteTeam "Acc. Scacch. Italiana Bologna"]
[BlackTeam "Libertas Nereto"]
[WhiteFideId "813125"]
[BlackFideId "1111078"]
[EventDate "2012.04.27"]

1. e4 c5 2. c3 Nf6 3. e5 Nd5 4. d4 cxd4 5. Nf3 e6 6. cxd4 d6 7. Bc4 Nb6 8. Bd3
Bd7 9. Nc3 Bc6 10. O-O N8d7 11. exd6 Bxd6 12. Re1 O-O 13. Ne5 Bxe5 14. dxe5 Nc5
15. Bc2 Qxd1 16. Rxd1 Nd5 17. Nxd5 Bxd5 18. Be3 Rfc8 19. Rac1 Nd7 20. f4 Nb6 21.
Bb1 Rxc1 22. Rxc1 Nc4 23. Bd4 Nd2 24. Bd3 Bxa2 25. Be3 Nb3 26. Rc7 Na5 27. Bxa7
Bd5 28. Bc5 Nc6 29. g4 g5 30. fxg5 Nxe5 31. Be2 Ng6 32. Bd4 Nf4 33. Kf2 e5 34.
Bc3 Ne6 35. Rd7 Bc6 36. Rd1 Nxg5 37. Bxe5 Re8 38. Bc7 Kg7 39. h4 Ne4+ 40. Kf1
Nf6 41. Bb6 1/2-1/2

[Event "TCh-ITA 2012"]
[Site "Arvier ITA"]
[Date "2012.04.27"]
[Round "1"]
[White "Shytaj, Luca"]
[Black "Codenotti, Marco"]
[Result "1-0"]
[WhiteTitle "IM"]
[BlackTitle "FM"]
[WhiteElo "2496"]
[BlackElo "2328"]
[WhiteTeam "Libertas Nereto"]
[BlackTeam "Acc. Scacch. Italiana Bologna"]
[WhiteFideId "812633"]
[BlackFideId "800015"]
[EventDate "2012.04.27"]

1. e4 c5 2. Nf3 d6 3. d4 cxd4 4. Nxd4 Nf6 5. Nc3 a6 6. Be2 e5 7. Nb3 Be7 8. O-O
O-O 9. Qd3 Nc6 10. Bg5 Be6 11. Rfd1 Rc8 12. Rac1 Nb4 13. Qd2 Rxc3 14. Bxf6 Bxf6
15. bxc3 Bg5 16. Qxd6 Nxa2 17. Qa3 Nxc1 18. Rxd8 Nxe2+ 19. Kf1 Rxd8 20. Kxe2
Bc4+ 21. Ke1 b6 22. Qb4 b5 23. Qa5 Ra8 24. Qc7 a5 25. Nxa5 Bd8 26. Qc6 1-0

[Event "TCh-ITA 2012"]
[Site "Arvier ITA"]
[Date "2012.04.27"]
[Round "1"]
[White "Piscopo, Pierluigi"]
[Black "Govoni, Fausto"]
[Result "0-1"]
[WhiteTitle "IM"]
[WhiteElo "2383"]
[BlackElo "2197"]
[WhiteTeam "Libertas Nereto"]
[BlackTeam "Acc. Scacch. Italiana Bologna"]
[WhiteFideId "809152"]
[BlackFideId "801879"]
[EventDate "2012.04.27"]

1. e4 c5 2. Nf3 d6 3. c3 Nf6 4. Bd3 Nc6 5. Bc2 e5 6. h3 g6 7. d3 Bg7 8. a3 O-O
9. O-O Qc7 10. b4 b6 11. Nbd2 Bb7 12. Bb2 Rad8 13. Re1 Nh5 14. Bb3 Nf4 15. Qc2
h6 16. Rad1 Kh7 17. Bc1 Rc8 18. Nc4 b5 19. Ne3 Ne7 20. g3 Nxd3 21. Qxd3 c4 22.
Bxc4 bxc4 23. Qc2 f5 24. Nd2 f4 25. Nexc4 d5 26. Na5 Ba8 27. exd5 fxg3 28. fxg3
Qb6+ 29. Kh1 Nxd5 30. Ne4 Nxc3 31. Qd3 Nxe4 32. Rxe4 Rcd8 0-1

[Event "TCh-ITA 2012"]
[Site "Arvier ITA"]
[Date "2012.04.27"]
[Round "1"]
[White "David, Alberto"]
[Black "Manca, Federico"]
[Result "1-0"]
[WhiteTitle "GM"]
[BlackTitle "IM"]
[WhiteElo "2604"]
[BlackElo "2424"]
[WhiteTeam "SS Milanese"]
[BlackTeam "Pizzato Elettr. Scacchi Marostica"]
[WhiteFideId "4000013"]
[BlackFideId "800171"]
[EventDate "2012.04.27"]

1. d4 Nf6 2. c4 e6 3. Nc3 Bb4 4. e3 O-O 5. Bd3 d5 6. cxd5 exd5 7. Ne2 Re8 8. Bd2
c6 9. Qc2 a5 10. O-O Bd6 11. Ng3 Na6 12. a3 c5 13. dxc5 Nxc5 14. Nb5 Bxg3 15.
Qxc5 Be5 16. f4 Bb8 17. Rac1 Bd7 18. Nc7 Ba7 19. Qd6 Rxe3 20. Bxe3 Bxe3+ 21. Kh1
Rc8 22. Rce1 Ng4 23. Nxd5 Bc5 24. Ne7+ Kh8 25. Qd5 Be6 26. Qe4 Nf6 27. Qe2 Bg4
28. Qe5 Bxe7 29. Qxe7 Qxd3 30. Qxf7 b5 31. h3 Bh5 32. Qb7 Rd8 33. f5 h6 34. Qc7
Kh7 35. Kh2 a4 36. Rf4 Rd7 37. Qe5 Qd2 38. Re3 Rd5 39. Qe7 Rd7 40. Qe5 Rd5 41.
Qe7 Qxb2 42. Rg3 Ng8 43. Qb7 Rxf5 44. Rxf5 Bg6 45. Rxb5 Qd4 46. Qb6 1-0

[Event "TCh-ITA 2012"]
[Site "Arvier ITA"]
[Date "2012.04.27"]
[Round "1"]
[White "Rossi, Carlo1"]
[Black "Arlandi, Ennio"]
[Result "0-1"]
[WhiteTitle "IM"]
[BlackTitle "IM"]
[WhiteElo "2297"]
[BlackElo "2436"]
[WhiteTeam "Pizzato Elettr. Scacchi Marostica"]
[BlackTeam "SS Milanese"]
[WhiteFideId "800651"]
[BlackFideId "800104"]
[EventDate "2012.04.27"]

1. e4 c5 2. Nf3 e6 3. d3 b6 4. g3 Bb7 5. Bg2 Nc6 6. O-O Nf6 7. Re1 d5 8. e5 Nd7
9. c4 d4 10. Ng5 Be7 11. Qh5 Bxg5 12. Bxg5 Qc7 13. Nd2 O-O 14. Bf6 gxf6 15. exf6
Kh8 16. Qh6 Rg8 17. Be4 Nf8 18. Nf3 Nb4 19. Ng5 Bxe4 20. Rxe4 Rg6 21. Qh5 h6 22.
Rg4 Nxd3 23. Nxe6 Qe5 24. Ng5 Qxf6 25. Ne4 Qe5 26. Qh4 Rxg4 0-1

[Event "TCh-ITA 2012"]
[Site "Arvier ITA"]
[Date "2012.04.27"]
[Round "1"]
[White "Sbarra, Marco"]
[Black "Schacher, Gerd"]
[Result "1/2-1/2"]
[WhiteTitle "FM"]
[BlackTitle "FM"]
[WhiteElo "2305"]
[BlackElo "2340"]
[WhiteTeam "SS Milanese"]
[BlackTeam "Pizzato Elettr. Scacchi Marostica"]
[WhiteFideId "804401"]
[BlackFideId "803979"]
[EventDate "2012.04.27"]

1. d4 g6 2. c4 Bg7 3. e4 c5 4. d5 d6 5. Bd3 a6 6. Nc3 Nd7 7. f4 Ngf6 8. Nf3 O-O
9. O-O Ne8 10. Qe1 b5 11. cxb5 Nc7 12. a4 axb5 13. Nxb5 Nb6 14. Nc3 Ba6 15. Bxa6
Rxa6 16. f5 gxf5 17. Qg3 e5 18. Bh6 Ne8 19. exf5 f6 20. Bxg7 Nxg7 21. Nd2 Qa8
22. Qh4 Rf7 23. Nde4 Ne8 24. Rfd1 Kh8 25. Qh5 Raa7 26. b3 c4 27. b4 Ng7 28. Qf3
Nxa4 29. Nxd6 Rfd7 30. Rxa4 Rxa4 31. Nxa4 Qxa4 32. Nxc4 Qxb4 33. Ne3 h5 34. Qe2
Kh7 35. g3 Kh6 36. Kg2 Ne8 37. Nc4 Nd6 38. Nxd6 Rxd6 39. Kf3 Qg4+ 40. Kf2 Qxf5+
41. Kg2 Kg6 42. Rf1 Qg4 43. Qd3+ Kh6 1/2-1/2

[Event "TCh-ITA 2012"]
[Site "Arvier ITA"]
[Date "2012.04.27"]
[Round "1"]
[White "Micheli, Carlo"]
[Black "Misiano, Franco"]
[Result "1-0"]
[WhiteTitle "FM"]
[BlackTitle "FM"]
[WhiteElo "2268"]
[BlackElo "2270"]
[WhiteTeam "Pizzato Elettr. Scacchi Marostica"]
[BlackTeam "SS Milanese"]
[WhiteFideId "800414"]
[BlackFideId "804746"]
[EventDate "2012.04.27"]

1. c4 e5 2. g3 Nc6 3. Bg2 g6 4. Nc3 Bg7 5. d3 d6 6. Bd2 Nf6 7. Qc1 h6 8. Rb1 a5
9. b3 Bf5 10. a3 Qc8 11. e4 Bd7 12. Nge2 Bh3 13. O-O g5 14. f3 O-O 15. g4 Bxg2
16. Kxg2 Ne7 17. Ng3 Nh7 18. Nd1 Re8 19. Ne3 Nf8 20. Nef5 Ne6 21. Nxe7+ Rxe7 22.
Nf5 Rd7 23. h4 f6 24. Be3 Qf8 25. Rh1 c6 26. Qc2 d5 27. exd5 cxd5 28. d4 exd4
29. Bxd4 Rc8 30. Rbd1 b5 31. hxg5 hxg5 32. c5 Nxd4 33. Nxd4 Rxc5 34. Qh7+ Kf7
35. Qh5+ Kg8 36. Qh7+ Kf7 37. Rhe1 Rc8 38. Ne6 Qh8 39. Qf5 Rdc7 40. Nxg5+ Kf8
41. Ne6+ Kf7 42. Nxc7 Rxc7 43. Qxd5+ Kg6 44. Rh1 Bh6 45. Qf5+ Kg7 46. g5 1-0

[Event "TCh-ITA 2012"]
[Site "Arvier ITA"]
[Date "2012.04.27"]
[Round "1"]
[White "Horvath, Csaba"]
[Black "Lenic, Luka"]
[Result "1/2-1/2"]
[WhiteTitle "GM"]
[BlackTitle "GM"]
[WhiteElo "2509"]
[BlackElo "2637"]
[WhiteTeam "L'Arrocco A di Roma"]
[BlackTeam "SS Triestina"]
[WhiteFideId "700118"]
[BlackFideId "14603853"]
[EventDate "2012.04.27"]

1. d4 Nf6 2. c4 e6 3. Nf3 b6 4. g3 Bb7 5. Bg2 Bb4+ 6. Bd2 a5 7. O-O O-O 8. Bf4
Be7 9. Qc2 Be4 10. Qd2 Na6 11. Nc3 Bb4 12. Bg5 Bxc3 13. Qxc3 h6 14. Bxf6 Qxf6
15. Ne5 1/2-1/2

[Event "TCh-ITA 2012"]
[Site "Arvier ITA"]
[Date "2012.04.27"]
[Round "1"]
[White "Cherin, Diego"]
[Black "Testa, Adriano"]
[Result "0-1"]
[WhiteTitle "FM"]
[WhiteElo "2272"]
[BlackElo "2240"]
[WhiteTeam "SS Triestina"]
[BlackTeam "L'Arrocco A di Roma"]
[WhiteFideId "816922"]
[BlackFideId "823392"]
[EventDate "2012.04.27"]

1. e4 e5 2. Nf3 Nc6 3. d4 exd4 4. Bc4 Nf6 5. e5 d5 6. Bb5 Ne4 7. Nxd4 Bd7 8.
Bxc6 bxc6 9. O-O Bc5 10. f3 Ng5 11. f4 Ne4 12. Nc3 Nxc3 13. bxc3 O-O 14. Re1 Re8
15. Kh1 Qh4 16. Be3 Bxd4 17. Qxd4 Bf5 18. Qd2 Re6 19. Rab1 Rg6 20. Bxa7 Be4 21.
Re2 f5 22. Rb7 Rxa7 23. Rxa7 Rh6 24. Ra8+ Kf7 25. Kg1 Qxh2+ 26. Kf2 Qxg2+ 27.
Ke3 Rh3+ 28. Kd4 Qg1+ 29. Re3 Rxe3 0-1

[Event "TCh-ITA 2012"]
[Site "Arvier ITA"]
[Date "2012.04.27"]
[Round "1"]
[White "Stella, Luca"]
[Black "De Eccher, Stefano"]
[Result "0-1"]
[BlackTitle "FM"]
[WhiteElo "2119"]
[BlackElo "2222"]
[WhiteTeam "L'Arrocco A di Roma"]
[BlackTeam "SS Triestina"]
[WhiteFideId "800031"]
[BlackFideId "800678"]
[EventDate "2012.04.27"]

1. e4 e5 2. Nf3 Nc6 3. d4 exd4 4. Bc4 Nf6 5. e5 Ne4 6. Nxd4 Bc5 7. Bb5 d5 8. Be3
Bd7 9. Bxc6 bxc6 10. O-O Qe7 11. f3 Nd6 12. Re1 Nc4 13. Bc1 Nxe5 14. Kh1 O-O 15.
f4 Ng4 16. Rxe7 Nf2+ 17. Kg1 Nxd1 18. Rxd7 Rfe8 19. Kf1 Bxd4 20. c3 Bb6 21. a4
a5 22. c4 d4 23. Na3 Re4 24. Bd2 Nxb2 25. Re1 Rxe1+ 26. Bxe1 Nxa4 27. Bf2 Kf8
28. c5 Bxc5 29. Nc4 Nb6 30. Rxc7 Nxc4 31. Rxc6 Nd2+ 0-1

[Event "TCh-ITA 2012"]
[Site "Arvier ITA"]
[Date "2012.04.27"]
[Round "1"]
[White "De Val, Daniele"]
[Black "Maggi, Fabrizio"]
[Result "1-0"]
[WhiteElo "2191"]
[BlackElo "2132"]
[WhiteTeam "SS Triestina"]
[BlackTeam "L'Arrocco A di Roma"]
[WhiteFideId "812064"]
[BlackFideId "826030"]
[EventDate "2012.04.27"]

1. c4 f5 2. g3 Nf6 3. Bg2 g6 4. Nc3 Bg7 5. d3 d6 6. e4 c6 7. Nge2 Na6 8. O-O O-O
9. Rb1 fxe4 10. dxe4 Nc7 11. b3 Ne6 12. h3 g5 13. f4 gxf4 14. gxf4 Qe8 15. Ng3
Nd7 16. Nce2 a5 17. Nf5 Bf6 18. Neg3 Ng7 19. Nxg7 Bxg7 20. Nh5 Bh8 21. Rf3 Nf6
22. Rg3+ Kf7 23. Nxf6 Bxf6 24. Qh5+ Ke6 25. Qf5+ Kf7 26. Qxh7+ Ke6 27. Qf5+ Kf7
28. Qh5+ Ke6 29. Qg4+ Kf7 30. f5 Qd8 1-0

[Event "TCh-ITA 2012"]
[Site "Arvier ITA"]
[Date "2012.04.27"]
[Round "1"]
[White "Olszewski, Michal"]
[Black "Castaldo, Folco"]
[Result "1/2-1/2"]
[WhiteTitle "GM"]
[BlackTitle "IM"]
[WhiteElo "2539"]
[BlackElo "2417"]
[WhiteTeam "Centro Studi Test Palermo"]
[BlackTeam "SS Eporediese Ivrea"]
[WhiteFideId "1121251"]
[BlackFideId "806560"]
[EventDate "2012.04.27"]

1. d4 f5 2. Nf3 e6 3. g3 Nf6 4. Bg2 Be7 5. O-O O-O 6. c4 d6 7. Nc3 a5 8. Qc2 Nc6
9. Rd1 Qe8 10. a3 e5 11. dxe5 dxe5 12. Nd5 Bd8 13. Be3 e4 14. Nd4 Ne5 15. Nb5
Nxd5 16. Rxd5 Nc6 17. Bg5 Qf7 18. Bxd8 Nxd8 19. Rd2 Nc6 20. a4 Be6 21. b3 Qf6
22. Rad1 Rf7 23. Qc3 Qxc3 24. Nxc3 Re8 25. f3 exf3 26. Bxf3 Ne5 27. Bxb7 c6 28.
Rd8 Kf8 29. Rxe8+ Kxe8 30. Rd6 Ke7 31. c5 Bd7 32. Ba6 Be6 33. Bb7 Bd7 34. Ba6
Be6 35. Bb7 1/2-1/2

[Event "TCh-ITA 2012"]
[Site "Arvier ITA"]
[Date "2012.04.27"]
[Round "1"]
[White "Ranieri, Fabrizio"]
[Black "Bentivegna, Francesco"]
[Result "1-0"]
[WhiteTitle "FM"]
[BlackTitle "FM"]
[WhiteElo "2283"]
[BlackElo "2276"]
[WhiteTeam "SS Eporediese Ivrea"]
[BlackTeam "Centro Studi Test Palermo"]
[WhiteFideId "806927"]
[BlackFideId "809055"]
[EventDate "2012.04.27"]

1. e4 e5 2. Nf3 Nc6 3. d4 exd4 4. Nxd4 g6 5. Nxc6 bxc6 6. Qd4 Qf6 7. Be3 Bg7 8.
Qxf6 Nxf6 9. Nc3 O-O 10. f3 Re8 11. Bd3 d6 12. O-O Be6 13. Ne2 Rab8 14. b3 c5
15. Rab1 Bc8 16. Bd2 Bb7 17. Ba5 Rbc8 18. Bc3 Nd7 19. Bxg7 Kxg7 20. Nc3 Nb6 21.
Bb5 c6 22. Bd3 d5 23. Rbe1 Rcd8 24. f4 c4 25. bxc4 dxc4 26. Be2 Rd2 27. Bd1 c5
28. Rf2 Rdd8 29. Bf3 Bc6 30. e5 Bxf3 31. Rxf3 Rd4 32. Nb5 Rd2 33. Rf2 Rd7 34.
Rfe2 Nd5 35. Rd2 a6 36. Nc3 Red8 37. Red1 Nb6 38. Rxd7 Rxd7 39. Rxd7 Nxd7 40.
Ne4 Kf8 41. Kf2 Ke7 42. Ke3 h5 43. Nd6 Nb6 44. Ke4 f5+ 45. Kf3 c3 46. g3 Nd5 47.
a3 Ke6 48. Nb7 Nc7 49. Nxc5+ Kd5 50. Nd3 a5 51. a4 Ne6 52. Ke3 Nd4 53. Ne1 Kc4
54. h4 Nc6 55. Nf3 Ne7 56. Ke2 Nc6 57. e6 Kd5 58. Kd3 Kxe6 59. Kxc3 Kd5 60. Nd2
Nb4 61. Nb3 Ke4 62. Nxa5 Na6 63. Nc4 Kf3 64. Ne5+ Kxg3 65. Nxg6 Kf3 66. Kd4 1-0

[Event "TCh-ITA 2012"]
[Site "Arvier ITA"]
[Date "2012.04.27"]
[Round "1"]
[White "Bove, Alessandro"]
[Black "Mariano, Elia"]
[Result "1-0"]
[WhiteTitle "FM"]
[WhiteElo "2362"]
[BlackElo "2156"]
[WhiteTeam "Centro Studi Test Palermo"]
[BlackTeam "SS Eporediese Ivrea"]
[WhiteFideId "814121"]
[BlackFideId "806579"]
[EventDate "2012.04.27"]

1. d4 d5 2. c4 e6 3. Nc3 Nf6 4. cxd5 exd5 5. Bg5 c6 6. e3 Be7 7. Qc2 Nbd7 8. Bd3
O-O 9. Nge2 Re8 10. h3 Nf8 11. g4 b6 12. O-O-O a5 13. Kb1 Ba6 14. Bxa6 Rxa6 15.
Ng3 Ne6 16. Bxf6 Bxf6 17. h4 b5 18. g5 Be7 19. f4 Bd6 20. Nh5 a4 21. Rdg1 Nf8
22. Qd3 Ra7 23. f5 b4 24. Ne2 c5 25. dxc5 Bxc5 26. Rg3 Qb6 27. Nd4 Bxd4 28. exd4
Nd7 29. g6 fxg6 30. fxg6 h6 31. Qf5 Nf6 32. Nxf6+ Qxf6 33. Qxd5+ Qe6 34. Re3 1-0

[Event "TCh-ITA 2012"]
[Site "Arvier ITA"]
[Date "2012.04.27"]
[Round "1"]
[White "Saccona, Silvano"]
[Black "Ganci, Fabrizio"]
[Result "1/2-1/2"]
[WhiteElo "2178"]
[BlackElo "2156"]
[WhiteTeam "SS Eporediese Ivrea"]
[BlackTeam "Centro Studi Test Palermo"]
[WhiteFideId "805653"]
[BlackFideId "810568"]
[EventDate "2012.04.27"]

1. d4 d5 2. Bf4 Nf6 3. c3 c6 4. Nf3 Bf5 5. Qb3 Qb6 6. h3 h6 7. Ne5 Nbd7 8. Nd2
Nxe5 9. Bxe5 Nd7 10. Bg3 e6 11. a4 c5 12. e3 Qxb3 13. Nxb3 c4 14. Nd2 Rc8 15.
Be2 Nf6 16. f3 Be7 17. O-O O-O 18. Rfe1 Bg6 19. Bf1 Nh5 20. Bh2 Bh4 21. Rec1 Ng3
22. Bxg3 Bxg3 23. f4 Rc6 24. Be2 Rb6 25. Ra2 Rc8 26. Bd1 Kf8 27. Nf3 f6 28. Bc2
Bxc2 29. Rxc2 g5 30. fxg5 hxg5 31. Kf1 Ke7 32. Ke2 Ra6 33. Rc1 Ra5 34. Nd2 f5
35. b4 Ra6 36. Kf3 Bb8 37. Rf1 Rh8 38. Ke2 Rc6 39. Raa1 Rcc8 40. Rh1 1/2-1/2

[Event "TCh-ITA 2012"]
[Site "Arvier ITA"]
[Date "2012.04.28"]
[Round "2"]
[White "Godena, Michele"]
[Black "Arlandi, Ennio"]
[Result "1/2-1/2"]
[WhiteTitle "GM"]
[BlackTitle "IM"]
[WhiteElo "2508"]
[BlackElo "2436"]
[WhiteTeam "Ob. Risarcimento Padova"]
[BlackTeam "SS Milanese"]
[WhiteFideId "800090"]
[BlackFideId "800104"]
[EventDate "2012.04.27"]

1. e4 c5 2. c3 Nf6 3. e5 Nd5 4. Nf3 e6 5. Bc4 d6 6. d4 cxd4 7. cxd4 Nc6 8. O-O
Be7 9. Qe2 O-O 10. Qe4 Ndb4 11. exd6 Qxd6 12. Nc3 Na5 13. Be2 Bd7 14. Bf4 Qc6
15. Qb1 Qb6 16. Be3 Nd5 17. Ne5 Rad8 18. Bd3 h6 19. Nxd5 exd5 20. Qd1 1/2-1/2